Arabia imperilled : the security imperatives of the Arab Gulf states /

Bibliographic Details
Main Author: Hameed, Mazher A., 1950-
Corporate Author: Middle East Assessments Group
Format: Book
Language:English
Published: Washington, D.C. : Middle East Assessments Group, [1986]
Subjects:

MARC

Tag First Indicator Second Indicator Subfields
LEADER 00000cam a2200000 a 4500
001 in00000026006
005 20151007055754.0
008 861215s1986 dcuab b 00110 eng d
010 |a  86005364  
020 |a 0937783005 (pbk.) 
035 |a (OCoLC)14971973 
035 |9 AAB9220AM 
040 |a OWR  |c OWR  |d m/c  |d IXA  |d TXA  |d UtOrBLW 
043 |a ap----- 
049 |a TXAM  |c [A11532588] 
050 4 |a DS326  |b .H25 1986 
100 1 |a Hameed, Mazher A.,  |d 1950- 
245 1 0 |a Arabia imperilled :  |b the security imperatives of the Arab Gulf states /  |c Mazher A. Hameed ; [foreword by James Schlesinger]. 
264 1 |a Washington, D.C. :  |b Middle East Assessments Group,  |c [1986] 
264 4 |c ©1986 
300 |a xxi, 189 pages :  |b illustrations, maps ;  |c 23 cm. 
336 |a text  |b txt  |2 rdacontent 
337 |a unmediated  |b n  |2 rdamedia 
338 |a volume  |b nc  |2 rdacarrier 
500 |a "Co-published in hardcover by Croom Helm under the title: Saudi Arabia, the West and the security of the Gulf"--title page verso. 
504 |a Bibliography: pages 173-179. 
500 |a Includes index. 
651 0 |a Persian Gulf Region  |x Politics and government. 
651 0 |a Persian Gulf Region  |x Strategic aspects. 
651 0 |a United States  |x Relations  |z Persian Gulf Region. 
651 0 |a Persian Gulf Region  |x Relations  |z United States. 
650 0 |a Petroleum industry and trade  |z Persian Gulf Region. 
710 2 |a Middle East Assessments Group. 
740 0 |a Saudi Arabia, the West and the security of the Gulf. 
999 |a MARS 
999 f f |s bffb1f77-8eff-3de7-ab14-d45422c4acde  |i 9b69796c-1f93-3d37-bc02-3666d1083399  |t 0 
952 f f |p ric  |a Texas A&M University  |b Rellis Campus  |c Joint Library Facility  |d Remote Storage  |t 0  |e DS326 .H25 1986  |h Library of Congress classification  |i unmediated -- volume  |m A14811532588 
998 f f |a DS326 .H25 1986  |t 0  |l Remote Storage